Mindenki perel mindenkit üres a parkolóház, tartoznak az építőknek, nem volt műszaki átadás sem /

Elmentve itt :
Bibliográfiai részletek
Szerző: Kéri Barnabás
Dokumentumtípus: Cikk
Megjelent: 2004-03-05
Sorozat:Délmagyarország 94 No. 55
Kulcsszavak:Szeged, Közlekedés parkolás parkolóház Szeged, Szegedi Közlekedési Társaság per Szeged
Online Access:http://dmarchiv.bibl.u-szeged.hu/132989
LEADER 00614nab a2200157 i 4500
001 delm132989
005 20191204081540.0
008 191204s2004 hu o 0|| hun d
040 |a SZTE Délmagyarország Archívum  |b hun 
041 |a hun 
100 1 |a Kéri Barnabás 
245 1 0 |a Mindenki perel mindenkit   |h [elektronikus dokumentum] :  |b üres a parkolóház, tartoznak az építőknek, nem volt műszaki átadás sem /  |c  Kéri Barnabás 
260 |c 2004-03-05 
300 |a 1, 5 
490 0 |a Délmagyarország  |v 94 No. 55 
695 |a Szeged, Közlekedés parkolás parkolóház Szeged, Szegedi Közlekedési Társaság per Szeged